Missing Word: Philip Seymour Hoffman Quiz Stats

Quiz Updated Nov 26, 2014

Challenge
Share
Tweet
Embed
Score 0/20 Timer 04:00
0 Plays Today
Movie Answer % Correct
_____: Impossible IIIMission
97.7%
Scent of a _____Woman
95.9%
The _____ of MarchIdes
94.5%
Leap of _____Faith
93.5%
Punch-_____ LoveDrunk
93%
Along Came _____Polly
88.7%
_____ AdamsPatch
79.9%
The Big _____Lebowski
78.8%
Before the _____ Knows You're DeadDevil
69.4%
_____ NightsBoogie
67.2%
Movie Answer % Correct
A _____ Wanted ManMost
53.3%
_____ RadioPirate
32.3%
25th _____Hour
25.1%
_____, New YorkSynecdoche
12%
Jack Goes _____Boating
7.7%
Mary and _____Max
7.5%
Hard _____Eight
7.3%
A _____ QuartetLate
6.5%
Next Stop _____Wonderland
6.4%
Love _____Liza
3.2%

Today's Daily Dose

You're not logged in!

Compare scores with friends on all Sporcle quizzes.
Sign Up with Email
OR
Log In

You Might Also Like...

Show Comments

Extras

Top Quizzes Today


Score Distribution

Your Account Isn't Verified!

In order to create a playlist on Sporcle, you need to verify the email address you used during registration. Go to your Sporcle Settings to finish the process.